Red de Archivos Patrimoniales de Valparaíso

Gespeichert in:
Bibliographische Detailangaben
Körperschaft: ARPA (VerfasserIn)
Format: Buch
Sprache:Spanisch
Veröffentlicht: Valparaíso ARPA 2002
Schlagworte:
Tags: Tag hinzufügen
Keine Tags, Fügen Sie den ersten Tag hinzu!

MARC

LEADER 00000cam a2200000 a 4500
001 UCF7194
003 CL-VaPUC
008 130613e20020000CL |||||||||||||||||spa|d
082 0 4 |a 026.3980983  |b ARP  |2 21 
110 2 |a ARPA  |e author  |9 569190 
245 1 0 |a Red de Archivos Patrimoniales de Valparaíso 
300 |a 37 p 
942 |c BK 
945 |d 20130613 00:00:00  |a dcastane 
260 |a Valparaíso  |b ARPA  |c 2002 
650 0 |a Archivística  |9 490081 
650 0 |a Universidades  |9 256317 
650 7 |a FOLKLORE  |2 CL-VaPUC  |9 268291 
650 0 |a Memoria histórica   |9 431578 
583 |a last modification  |c 20130613 14:21:00  |k Rodrigo Vera 
999 |c 352101  |d 352099 
952 |0 0  |1 0  |4 0  |6 026_398098300000000_ARP_2002  |7 0  |8 X  |9 456644  |a FDOBUD  |b FDOBUD  |d 2019-11-22  |i 497719K  |o 026.3980983 ARP 2002  |p 497719K  |r 2019-11-22  |w 2019-11-22  |y BK_X  |k FHP 
952 |0 0  |1 0  |4 0  |6 026_398098300000000_ARP_2002  |7 0  |8 X  |9 456645  |a FDOBUD  |b FDOBUD  |d 2019-11-22  |i 4977211  |o 026.3980983 ARP 2002  |p 4977211  |r 2019-11-22  |w 2019-11-22  |y BK_X  |k FHP 
952 |0 0  |1 0  |4 0  |6 026_398098300000000_ARP_2002  |7 0  |8 X  |9 456646  |a FDOBUD  |b FDOBUD  |d 2019-11-22  |i 4977505  |o 026.3980983 ARP 2002  |p 4977505  |r 2019-11-22  |w 2019-11-22  |y BK_X  |k FHP